00555nam a2200181 450000500170000000700040001700800040002102000140002502000140003904000090005305000230006210000220008524501020010726000370020930000190024650000400026565000680030520150611114544.0000000 a086372838 a086372847 aUOEL aHD382.8b.R86 1987 aRunger, Mechthild aLand law and land use control in Western Sudan :bthe case of southern Darfur /cMechthild Runger aLondon ;bIthaca Press ,cc1987. a146 p. :bill. aIncludes bibliographical references aLand lawxEconomic history and conditions (National production)